Everyman's English pronouncing dictionary (Record no. 186363)
[ view plain ]
| 000 -LEADER | |
|---|---|
| campo de control de longitud fija | 00976nam a2200253 i 4500 |
| 001 - NÚMERO DE CONTROL | |
| campo de control | 186363 |
| 003 - IDENTIFICADOR DE NÚMERO DE CONTROL | |
| campo de control | SpMaBN |
| 005 - FECHA Y HORA DE LA ÚLTIMA TRANSACCIÓN | |
| campo de control | 20230906222644.0 |
| 008 - DATOS DE LONGITUD FIJA--INFORMACIÓN GENERAL | |
| campo de control de longitud fija | 161028s1980 xxk d |||| | eng d |
| 020 ## - NÚMERO INTERNACIONAL ESTÁNDAR DEL LIBRO | |
| Número Internacional Estándar del Libro | 0-460-03029-9 |
| 080 ## - NÚMERO DE LA CLASIFICACIÓN DECIMAL UNIVERSAL | |
| Número de la Clasificación Decimal Universal | 802.0-321.3 |
| 100 1# - ENTRADA PRINCIPAL--NOMBRE DE PERSONA | |
| Nombre de persona | Jones, Daniel. |
| 9 (RLIN) | 66836 |
| 245 10 - MENCIÓN DEL TÍTULO | |
| Título | Everyman's English pronouncing dictionary |
| Resto del título | : containing over 59000 words in international phonetic transcription / |
| Mención de responsabilidad, etc. | originally compiled by Daniel Jones ; extensively revised and edited by A.C. Gimson. |
| 250 ## - MENCION DE EDICION | |
| Mención de edición | 14th. ed., repr. |
| 260 ## - PUBLICACIÓN, DISTRIBUCIÓN, ETC. | |
| Lugar de publicación, distribución, etc. | London : |
| Nombre del editor, distribuidor, etc. | J.M. Dent & Sons, |
| Fecha de publicación, distribución, etc. | 1980. |
| 300 ## - DESCRIPCIÓN FÍSICA | |
| Extensión | XXXII, 560 p. ; |
| Dimensiones | 20 cm. |
| 490 1# - MENCIÓN DE SERIE | |
| Mención de serie | Everyman's reference library |
| 650 07 - PUNTO DE ACCESO ADICIONAL DE MATERIA--TÉRMINO DE MATERIA | |
| Término de materia o nombre geográfico como elemento de entrada | Lengua inglesa- |
| Subdivisión general | Pronunciación. |
| 9 (RLIN) | 14284 |
| 650 04 - PUNTO DE ACCESO ADICIONAL DE MATERIA--TÉRMINO DE MATERIA | |
| Término de materia o nombre geográfico como elemento de entrada | Lengua inglesa- |
| Subdivisión de forma | Diccionarios. |
| 9 (RLIN) | 14269 |
| 700 1# - ENTRADA AGREGADA--NOMBRE PERSONAL | |
| Nombre de persona | Gimson, A. C. |
| 9 (RLIN) | 139714 |
| 830 0# - PUNTO DE ACCESO ADICIONAL DE SERIE-TÍTULO UNIFORME | |
| Título uniforme | Everyman's reference library |
| 9 (RLIN) | 192535 |
| 852 ## - LOCALIZACIÓN | |
| Ubicación | ES-MaACL |
| Número de control de estantería | L-30728 |
| Nota libre | - enc. cart. |
| -- | . - Donat. Miguel A. Velasco |
| Estatus retirado | Estado de pérdida | Estado de daño | No para préstamo | Biblioteca de origen | Biblioteca actual | Ubicación en estantería | Fecha de adquisición | Fuente de adquisición | Total de préstamos | Signatura topográfica completa | Código de barras | Visto por última vez | Precio de reemplazo | Tipo de ítem Koha |
|---|---|---|---|---|---|---|---|---|---|---|---|---|---|---|
| Biblioteca del Ateneo de Madrid | Biblioteca del Ateneo de Madrid | Depósito 2 | 28/10/2016 | L-30728 | 1196516 | 23/02/2023 | 23/02/2023 | Libro impreso |
